| 000 | 00669nam a22001697a 4500 | ||
|---|---|---|---|
| 003 | NUST | ||
| 082 | _a621.382,TAR | ||
| 100 |
_aTariq, Adnan _9133084 |
||
| 245 |
_aOptical Sky Scanner / _cAdnan Tariq, Omar Mueen, Hassan Farooq and Malik Ameer Hamza Tariq (BETE-55 /TCC-30) |
||
| 260 |
_aRawalpindi _bMCS (NUST) _cMay, 2022 |
||
| 300 | _ax, 22 p.; | ||
| 505 | _aIntroduction (Page-1), literature Review (Page-9), Interfacing and Detection (Page-13), Conclusion (Page-19), Future Work (Page-19), References (Page-20). | ||
| 650 |
_aUG Project _9131132 |
||
| 651 |
_a(BETE-55 /TCC-30) _9132999 |
||
| 700 |
_aSupervised by Dr. Hasnat Khurshid _9132581 |
||
| 942 |
_2ddc _cPR |
||
| 999 |
_c616079 _d616079 |
||